000 01033nam a2200289Ia 4500
003 OSt
005 20221005104810.0
006 a|||||r|||| 00| 0
007 ta
008 221004b |||||||| |||| 00| 0 hin d
020 _a8187302283
_c500
024 _a82243
037 _b8030, 30/03/2005, Hindi Book Centre
_cTextual
040 _aCRL
_cCRL
_bhin
041 _2hin
_ahin
082 _aNW44vN, 152P4
100 _aमृत्युंजय, संपा.
245 0 _aसिनेमा के सौ बरस
246 _aSinemā ke sau barasa
260 _aदिल्ली
_bशिल्पायन प्रकाशन भारत
_c2004
300 _a494पृ0
_ccm.
650 _a भारतीय सिनेमा
650 _a भारतीय सिनेमा
650 _aभारतीय सिनेमा
942 _hNW44vN, 152P4
_cTEXL
_2cc
999 _c1013823
_d1013823